<?xml version="1.0" encoding="UTF-8"?>
<record
    xmlns:xsi="http://www.w3.org/2001/XMLSchema-instance"
    xsi:schemaLocation="http://www.loc.gov/MARC21/slim http://www.loc.gov/standards/marcxml/schema/MARC21slim.xsd"
    xmlns="http://www.loc.gov/MARC21/slim">

  <leader>00344nam a2200145Ia 4500</leader>
  <controlfield tag="008">230719s9999    xx            000 0 und d</controlfield>
  <datafield tag="041" ind1=" " ind2=" ">
    <subfield code="a">eng</subfield>
  </datafield>
  <datafield tag="082" ind1=" " ind2=" ">
    <subfield code="a">658.11</subfield>
    <subfield code="b">GUI</subfield>
  </datafield>
  <datafield tag="100" ind1=" " ind2=" ">
    <subfield code="a">Guillebeau C.</subfield>
    <subfield code="9">203877</subfield>
  </datafield>
  <datafield tag="245" ind1=" " ind2=" ">
    <subfield code="a">The </subfield>
    <subfield code=" ">100 Startup</subfield>
  </datafield>
  <datafield tag="260" ind1=" " ind2=" ">
    <subfield code="c">2012</subfield>
    <subfield code="b">Crown</subfield>
  </datafield>
  <datafield tag="300" ind1=" " ind2=" ">
    <subfield code="a">285</subfield>
  </datafield>
  <datafield tag="365" ind1=" " ind2=" ">
    <subfield code="c">Rs.</subfield>
    <subfield code="b">225.00</subfield>
  </datafield>
  <datafield tag="700" ind1=" " ind2=" ">
    <subfield code="a">Guillebeau C.</subfield>
    <subfield code="9">203877</subfield>
  </datafield>
  <datafield tag="999" ind1=" " ind2=" ">
    <subfield code="c">354477</subfield>
    <subfield code="d">354477</subfield>
  </datafield>
  <datafield tag="952" ind1=" " ind2=" ">
    <subfield code="0">0</subfield>
    <subfield code="1">0</subfield>
    <subfield code="4">0</subfield>
    <subfield code="7">0</subfield>
    <subfield code="a">CCEP</subfield>
    <subfield code="b">CCEP</subfield>
    <subfield code="c">Donated Book</subfield>
    <subfield code="d">2017-09-04</subfield>
    <subfield code="e">Masurkar Enterprises</subfield>
    <subfield code="g">225.00</subfield>
    <subfield code="l">6</subfield>
    <subfield code="o">658.11</subfield>
    <subfield code="p">CCEP-DB-682</subfield>
    <subfield code="r">2025-05-06 00:00:00</subfield>
    <subfield code="s">2025-04-24</subfield>
    <subfield code="v">450.00</subfield>
    <subfield code="w">2023-07-19</subfield>
    <subfield code="y">BK</subfield>
    <subfield code="z">D00682</subfield>
  </datafield>
</record>
